Armonía : (Record no. 4298)

000 -CABECERA
fixed length control field 00790nam a22001937a 4500
003 - IDENTIFICADOR DEL NÚMERO DE CONTROL
control field AR-CdUCM
008 - DATOS DE LONGITUD FIJA--INFORMACIÓN GENERAL
fixed length control field 190308b ||||| |||| 00| 0 spa d
040 ## - FUENTE DE LA CATALOGACIÓN
Agencia/entidad que catalogó originalmente la obra MUNICIPALIDAD PROVINCIAL DEL CUSCO
Entidad que transcribió la catalogación BIBLIOTECA MUNICIPAL DEL CUSCO
082 ## - NÚMERO DE LA CLASIFICACIÓN DECIMAL DEWEY
No. de la edición 2ed.
No. de Clasificación 781.25 /
Notacion interna OC31
100 ## - ENTRADA PRINCIPAL--NOMBRE DE PERSONA
Nombre Personal Ochoa Revoredo, Luis Edmundo
245 ## - MENCIÓN DE TÍTULO
Título Armonía :
Resto del título un puente entre lo académico y lo popular /
260 ## - PUBLICACIÓN, DISTRIBUCIÓN, ETC.
Lugar de publicación, distribución, etc. Cusco :
Nombre de la editorial, distribuidor, etc. Danny´s Graff,
Fecha de publicación, distribución, etc. 2016.
300 ## - DESCRIPCIÓN FÍSICA
Nº de Páginas Extensión 479 páginas ;
Otros detalles físicos ilustraciones ; pentagramas ;
Dimensiones 15 cm.
505 ## - NOTA DE CONTENIDO CON FORMATO
Nota de contenido formateada Contenido: Elementos armónicos básicos -- Grados y funciones armónicas -- Marchas armónicas básicas -- Recursos armónicos complementarios -- Figuración melódica ...
650 ## - PUNTO DE ACCESO ADICIONAL DE MATERIA--TÉRMINO DE MATERIA
Descriptor Música
9 (RLIN) 1443
650 ## - PUNTO DE ACCESO ADICIONAL DE MATERIA--TÉRMINO DE MATERIA
Descriptor Armonías
9 (RLIN) 13585
942 ## - ELEMENTOS DE PUNTO DE ACCESO ADICIONAL (KOHA)
Fuente de clasificación
Tipo de item Libros-BMC
945 ## - PROCESAMIENTO DE INFORMACIÓN LOCAL (OCLC)
Catalogador zta
Holdings
Estado de retiro (separado) Fuente de clasificación o esquema de estanterías Estado dañado Ubicación Sala donde se ubica Nombre de la colección Fecha de adquisición o compra Costo, precio normal en soles Signatura topográfica Código de Barras Última vez visto (Koha) Tipo de ítem (Koha) Número de Ejemplar
No     Sala Artes Sala Artes Book Cart 2019-03-08 50.00 781.25 / OC31 SA0000000050 2019-03-08 Libros-BMC  
No     Sala Artes Sala Artes Book Cart 2019-03-08 50.00 781.25 / OC31 / e.2 SA0000000227 2019-03-08 Libros-BMC e.2

Powered by Koha